Bioinformatics and computational biology in drug discovery and development (Record no. 28996)

MARC details
000 -LEADER
fixed length control field 00517nam a2200169Ia 4500
008 - FIXED-LENGTH DATA ELEMENTS--GENERAL INFORMATION
fixed length control field 230917s9999||||xx |||||||||||||| ||und||
020 ## - ISBN
Price GBP29.99
040 ## - CATALOGING SOURCE
-- 251621
Original cataloging agency VIVEKANANDA LIBRARY
041 ## - Language
-- English
082 ## - DDC NUMBER
Classification number 615.19 L829B
100 ## - MAIN ENTRY--PERSONAL NAME
Personal name Loging, William T, ed.
245 #0 - TITLE STATEMENT
Title Bioinformatics and computational biology in drug discovery and development
260 ## - PUBLICATION, DISTRIBUTION, ETC. (IMPRINT)
Place of publication, distribution, etc Cambridge
Name of publisher, distributor, etc Cambridge University Press
Date of publication, distribution, etc 2016
300 ## - PHYSICAL DESCRIPTION
Pages xi, 233 p.
500 ## - GENERAL NOTE
General note 3327 27/11/2018 HBD18/7568 10/12/2018 Main Budget
942 ## - ADDED ENTRY ELEMENTS (KOHA)
Koha item type Books
Holdings
Withdrawn status Lost status Damaged status Not for loan Location (home branch) Sublocation or collection (holding branch) Date acquired Koha issues (times borrowed) Koha full call number Accession No. Koha date last seen Koha item type
        VIVEKANANDA LIBRARY VIVEKANANDA LIBRARY 30/01/2019   615.19 L829B 381642 17/09/2023 Books
© Designed and Maintained by Vivekananda Library, MDU Rohtak